Business modeling and data mining /

Guardado en:
Autor Principal: Pyle, Dorian.
Formato: Libro
Idioma:English
Publicado: San Francisco : Elsevier Science, c2003.
Materias:
Etiquetas: Agregar Etiqueta
Sin Etiquetas, Sea el primero en etiquetar este registro!
LEADER 00580nam a22001815 4500
001 EAD.ead003182
008 080718s2003####xxua##########001#0#eng#d
005 20120601133455.0
245 1 0 |a Business modeling and data mining /  |c Dorian Pyle. 
260 |a San Francisco :  |b Elsevier Science,  |c c2003. 
300 |a xxvi, 693 p. :  |b il. ;  |c 24 cm. 
500 |a Incluye índice. 
020 |a 155860653X 
100 1 |a Pyle, Dorian. 
082 0 4 |a 658.4035  |2 21 
653 |a Minería de datos 
650 7 |a Modelado de datos.  |2 unbist 
859 |a AR-BaBDC  |b BIB. ADMINISTRACION - Libros  |h 658.4035  |i P994  |p b05067